[Event "Match UKR vs KGZ 2021"]
[Site "Online"]
[Date "2021.02.14"]
[Round "1.1"]
[White "Roshka, Yevgeniy"]
[Black "Abdyjapar, Asyl"]
[Result "1-0"]
[WhiteElo "2476"]
[BlackElo "2394"]
[Annotator "TA"]
[PlyCount "69"]
[EventDate "2021.02.14"]
[EventType "team-tourn"]
[EventCountry "NET"]
[SourceTitle "playchess.com"]
[Source "ChessBase"]
[SourceQuality "1"]
[WhiteTeam "Ukraine"]
[BlackTeam "Kyrgyzstan"]
[WhiteTeamCountry "UKR"]
[BlackTeamCountry "KGZ"]

{[%evp 9,69,-47,-1,-19,0,-9,-1,2,0,0,-8,-14,-6,-93,-79,-89,-34,-31,-32,-76,-76,-85,-84,-78,-78,-77,-46,-43,-45,-68,-65,-67,-56,-62,-67,-69,65,76,86,77,178,142,163,148,154,-48,85,74,206,206,186,0,232,0,0,0,29994,29995,29995,29996,29998,29999]} 1. b3 Nf6 2. Bb2 c5 3. g3 d5 4. Bg2 Nc6 5. e3 Bg4 {[#]} 6. Ne2 $146 {A01: Nimzowitsch-Larsen Opening.} ({Predecessor:} 6. Bf3 Bxf3 7. Nxf3 e6 8. Ne5 Nxe5 9. Bxe5 Nd7 10. Bb2 Nf6 11. O-O Be7 12. c4 {½-½ (46) Poseck,S (2019)-Schilling,H (1846) Berlin 2014}) 6... e6 7. h3 Bh5 8. d3 {The position is equal.} Bd6 9. Nd2 O-O 10. g4 Bg6 11. h4 (11. f4 $11) 11... h5 $17 ({Much weaker is} 11... Nxg4 $6 12. h5 $14) 12. gxh5 Bxh5 ({Black should try} 12... Nxh5 $17 13. Nf3 b5) 13. Bf3 $15 {Hoping for Bxf6.} Be5 14. Bxe5 Nxe5 15. Bxh5 Nxh5 16. Ng1 g6 17. Ngf3 Qf6 18. Nxe5 Qxe5 19. Nf3 Qc3+ 20. Ke2 Rac8 21. Qd2 Qf6 22. Rag1 c4 (22... e5 $15) 23. bxc4 $14 dxc4 24. d4 Qf5 (24... Rfd8 $16 {was called for.}) 25. Rg5 Qe4 {aiming for ...Nf4+.} 26. Qd1 f6 {[#]} 27. Ra5 ({White must play} 27. Rxg6+ $1 $16 {[%mdl 512]} Kf7 28. Rg5 $1 Nf4+ 29. Kf1) 27... a6 (27... Nf4+ $15 {stays ahead.} 28. Kf1 Nd5) 28. Rg1 $1 $36 {[%mdl 2048] And now Rxh5 would win. Keeping Black busy.} Kf7 {[#]} (28... Nf4+ $16 {keeps fighting.} 29. Kf1 Nd5) 29. Re5 $3 $18 {[%mdl 512]} Qc6 {[#]} ({But not} 29... Nf4+ $2 30. Kf1 $18) 30. Ke1 $2 Qa4 {[#]} (30... Qd6 $11 {and Black is okay.}) 31. Rxh5 $2 gxh5 $11 32. Ne5+ $1 fxe5 $4 {[%mdl 8192]} (32... Ke8 $11 33. Rg7 Rc7 {[%mdl 64] Decoy} 34. Rxc7 Qa5+ {[%mdl 64] Double Attack} 35. c3 Qxc7 36. Qxh5+ Kd8) 33. Qxh5+ {[%mdl 64] Double Attack. White mates.} Ke7 34. Rg7+ Kd6 35. Qxe5+ {Weighted Error Value: White=0.30/Black=0.57} 1-0

[Event "Match UKR vs KGZ 2021"]
[Site "Online"]
[Date "2021.02.14"]
[Round "1.2"]
[White "Sezdbekov, Ruslan"]
[Black "Malynovskyi, Rostyslav"]
[Result "1-0"]
[WhiteElo "2229"]
[BlackElo "2174"]
[Annotator "TA"]
[PlyCount "127"]
[EventDate "2021.02.14"]
[EventType "team-tourn"]
[EventCountry "NET"]
[SourceTitle "playchess.com"]
[Source "ChessBase"]
[SourceQuality "1"]
[WhiteTeam "Kyrgyzstan"]
[BlackTeam "Ukraine"]
[WhiteTeamCountry "KGZ"]
[BlackTeamCountry "UKR"]

{[%evp 14,127,-6,-14,0,0,20,18,18,0,21,0,13,-22,-19,-29,-34,-43,-36,-55,-51,-62,-22,-22,-22,-22,-19,-12,-12,-21,-6,-8,-5,-24,0,-14,-2,-7,-2,-6,-7,-39,-39,-77,0,0,0,0,0,0,5,0,0,0,3,2,16,16,58,58,66,66,73,70,70,44,253,246,394,390,382,329,516,474,865,855,826,799,958,1221,1145,925,928,902,1325,1286,29972,29971,29976,29976,29982,29983,29983,29984,29963,1203,2356,2546,1730,1548,29985,29986,29988,29989,29995,29991,29992,29990,29992,29990,29990,29991,29994,29995,29995,29996]} 1. e4 c6 2. Nf3 d5 3. Nc3 Bg4 4. exd5 cxd5 5. h3 Bxf3 6. Qxf3 e6 {6...e6 scores better than 6...Nf6.} 7. d4 Nc6 8. Bb5 Nf6 {B13: Caro-Kann: Exchange Variation and Panov-Botvinnik Attack.} 9. O-O a6 (9... Qb6 {looks sharper.} 10. Qg3 Rc8 11. Rd1 h6 12. Ba4 Qd8) 10. Bxc6+ bxc6 {The position is equal.} 11. Bf4 Bd6 {[#]} 12. Rfe1 $146 ({Predecessor:} 12. Be5 Bxe5 13. dxe5 Nd7 14. Qg3 O-O 15. Rae1 Rb8 16. b3 a5 17. Ne2 Rb4 18. Nf4 {1-0 (48) Lewtak,D (2066)-Kireev,A (2056) Krakow 2015}) 12... O-O 13. Be5 Bxe5 14. Rxe5 Qb6 15. Qd3 $1 Nd7 16. Re3 c5 17. Na4 Qc6 (17... Qb4 $5 {[%cal Rb4a4]} 18. Nxc5 Nxc5 19. dxc5 Qxb2 $15) 18. Nxc5 Nxc5 19. dxc5 Qxc5 20. c3 a5 21. Rd1 Rab8 22. b3 Rfc8 23. Qd4 g6 (23... Qa3 {with more complications.} 24. Qd2 Qf8 25. Qd4 g6 26. Red3 Qe7) 24. h4 Qxd4 25. Rxd4 $11 {[%mdl 4096] Endgame KRR-KRR} Rb5 26. g3 Kg7 27. Rf3 e5 28. c4 {[#]} dxc4 (28... Rxb3 $1 $17 29. Rxb3 exd4 30. cxd5 Rc3) 29. Rd7 Rf8 30. bxc4 Rc5 31. Re7 Kg8 32. Rb3 Rxc4 33. Rxe5 a4 34. Rf3 h5 35. Ra5 Rfc8 36. Ra3 $1 Rc1+ 37. Kg2 R8c2 38. R3xa4 Ra1 $1 39. a3 {[%cal Ba2a3,Ba3a4,Ba4a5,Ba5a6][%mdl 32]} Rca2 $2 {[#] A mistake that costs the game.} (39... Raa2 $14 40. Rf4 Rc7) 40. Ra7 $1 $18 {[%cal Ra7c7]} Re1 {[#]} (40... Kh8 $142 41. Rxf7 Rxa3) 41. Rf4 $1 f5 42. Rb4 {Intending Rb8+ and mate.} Re8 (42... Kf8 {might work better.} 43. Rb8+ Re8 44. Rxe8+ Kxe8) 43. Rb6 Kh8 (43... f4 $142 44. Rxg6+ Kh8 45. Rh6+ Kg8 46. gxf4 Re3) 44. a4 Rc8 45. a5 Kg8 46. Rxg6+ Kh8 47. Rh6+ Kg8 48. Rxh5 Rc5 49. a6 Rca5 50. Rg5+ Kh8 51. Rg6 Re5 52. Rd6 Re8 53. h5 f4 54. gxf4 (54. g4 $142 Ra5 55. Rdd7 Rg5 56. Kf3 Rf8 57. h6 Rb8 58. Kxf4 Rg6 59. g5) 54... Rg8+ 55. Kf3 {[%cal Rd6h6]} Ra3+ 56. Ke4 {[%cal Rd6h6]} Re8+ 57. Kf5 {White mates.} Ra5+ 58. Kg6 Ra1 59. Kh6 Rg1 60. Rh7+ Kg8 61. Rg6+ Rxg6+ 62. hxg6 Re6 63. a7 Ra6 64. Rb7 {[%cal Rb7b8] Weighted Error Value: White=0.08/Black=0.50} 1-0

[Event "Match UKR vs KGZ 2021"]
[Site "Online"]
[Date "2021.02.14"]
[Round "1.3"]
[White "Prydun, Andriy"]
[Black "Onufrienko, Vladislav"]
[Result "0-1"]
[WhiteElo "2254"]
[BlackElo "1739"]
[Annotator "TA"]
[PlyCount "126"]
[EventDate "2021.02.14"]
[EventType "team-tourn"]
[EventCountry "NET"]
[SourceTitle "playchess.com"]
[Source "ChessBase"]
[SourceQuality "1"]
[WhiteTeam "Ukraine"]
[BlackTeam "Kyrgyzstan"]
[WhiteTeamCountry "UKR"]
[BlackTeamCountry "KGZ"]

{[%evp 9,126,5,5,10,7,0,6,7,8,7,70,62,65,46,36,50,38,39,49,9,12,18,31,0,41,25,40,0,38,8,84,88,125,132,135,133,152,66,82,27,166,160,262,274,281,267,272,251,187,132,132,143,228,184,485,490,501,487,569,560,556,549,511,258,239,240,264,55,148,44,46,0,0,-9,-12,-21,5,-438,-429,-1745,-1658,-1312,-712,-939,-917,-1020,-1009,-952,-866,-1132,-1134,-29950,-11539,-29976,-29977,-29979,-29980,-29980,-29981,-29981,-29982,-29982,-29983,-29983,-29984,-29987,-29984,-29984,-29985,-29986,-29986,-29986,-29986,-29989,-29989,-29993,-29992,-29992,-29993]} 1. d4 d5 2. Nc3 Nf6 3. Bf4 c5 4. e3 e6 5. Nb5 Na6 $1 6. c3 {D00: 1 d4 d5: Unusual lines.} Be7 7. h3 O-O 8. Nf3 {The position is equal.} Bd7 9. a4 Ne4 (9... Qb6 $11) 10. Bd3 $14 f5 11. Ne5 Bxb5 {[#]} 12. axb5 $146 ({Predecessor:} 12. Bxb5 Nc7 13. Bd3 Bd6 14. O-O Rc8 15. a5 c4 16. Bxe4 fxe4 17. f3 exf3 18. Qxf3 Bxe5 19. dxe5 {½-½ (47) Jobava,B (2603)-Riehle,M (2347) Chess.com INT 2020}) 12... Nb8 {[%cal Ba6b8,Bb8d7,Bd7b6,Bb6c8,Bc8d6][%mdl 32]} 13. Bxe4 fxe4 14. Qg4 Rf5 $1 15. O-O Nd7 16. Ra4 Nb6 17. Ra2 Qe8 18. Ra5 Nc8 19. f3 Bd8 (19... exf3 $11 {remains equal.} 20. gxf3 (20. Rxf3 Bf6 $11) 20... cxd4 21. cxd4 (21. exd4 Nd6 $11) 21... Nd6) 20. Raa1 cxd4 21. fxe4 (21. exd4 $6 Nd6 $11) 21... dxe4 22. exd4 ({Resist} 22. cxd4 $6 Nd6 $11) 22... Bf6 23. Bh2 $40 {[%mdl 128] White mounts an attack.} (23. Qe2 $16) 23... Nd6 24. c4 (24. Qe2 $16) 24... b6 (24... a6 $11 {and Black is okay.}) 25. b3 $18 g6 (25... h5 $16 26. Qe2 Rxf1+ 27. Rxf1 a6) 26. Nc6 Qd7 27. Bxd6 Qxd6 28. Qxe4 Rf8 29. Rfe1 (29. b4 $18) 29... Qg3 $16 30. Qxe6+ Kg7 (30... Kh8 $16 {was called for.} 31. Rf1 (31. Rxa7 $2 Bg5 $19) 31... Qc3) 31. Rxa7+ Kh6 $2 (31... Kh8 {is a better chance.}) 32. Qe3+ $18 Qxe3+ 33. Rxe3 Bh4 {[#] And now ...Bf2+ would win.} 34. Rf3 Rxf3 35. gxf3 Rxf3 {[%mdl 4096] Endgame KRB-KRN} 36. Ne5 Rxb3 37. Rb7 Rb2 {intending ...Bf2+.} 38. Nc6 $2 (38. d5 $18) 38... Kg5 (38... Rc2 $14) 39. Rf7 ({White should try} 39. Rxb6 $16 {Hoping for Rb7.} Kf4 40. Rb7) 39... Bg3 $14 40. Rf3 ({Don't play} 40. Rxh7 Kf4 $16) 40... Kh4 41. Kf1 Kxh3 42. Ne5 g5 43. Rd3 $2 {[%mdl 8192] Black continues to play with concentration.} (43. Nd3 $11 Ra2 44. Nf2+ Kh4 45. Kg2 Bxf2 46. Rxf2) 43... g4 $19 44. d5 (44. Rc3 $142 Rf2+ 45. Kg1) 44... Rf2+ 45. Ke1 Rf5+ 46. Kd1 Rxe5 {KRB-KR} 47. d6 Re8 48. d7 Rd8 49. Ke2 Kg2 50. Rd5 Bf2 51. Rg5 g3 {Black mates.} 52. Rg7 h5 53. Rh7 h4 {[%mdl 64] [#] Deflection} 54. Rxh4 Rxd7 55. Re4 Rd4 56. Re6 Rxc4 57. Rc6 Rb4 58. Rd6 Rxb5 59. Rd5 Rb2+ 60. Kd3 Kf1 61. Ke4 g2 62. Kf3 Rb3+ 63. Kf4 g1=Q {Weighted Error Value: White=0.84/Black=0.36} 0-1

[Event "Match UKR vs KGZ 2021"]
[Site "Online"]
[Date "2021.02.14"]
[Round "1.4"]
[White "Orozbaev, Eldiar"]
[Black "Vakulenko, Oleksandr"]
[Result "1/2-1/2"]
[WhiteElo "1973"]
[BlackElo "2256"]
[Annotator "TA"]
[PlyCount "115"]
[EventDate "2021.02.14"]
[EventType "team-tourn"]
[EventCountry "NET"]
[SourceTitle "playchess.com"]
[Source "ChessBase"]
[SourceQuality "1"]
[WhiteTeam "Kyrgyzstan"]
[BlackTeam "Ukraine"]
[WhiteTeamCountry "KGZ"]
[BlackTeamCountry "UKR"]

{[%evp 9,115,39,35,6,17,-4,0,-20,-9,-11,-10,-28,-17,-11,38,31,51,32,196,209,174,183,174,174,173,178,306,300,299,247,266,0,148,73,141,124,114,19,45,52,37,0,0,0,0,0,0,-44,-31,-58,-45,-62,-48,-44,-78,-54,-66,-90,-82,-93,-91,-90,-50,-101,-111,-128,-129,-193,-193,-188,-163,-239,-260,-234,-189,-189,-64,-76,-76,-108,-108,-109,-109,-189,-163,-163,-163,-163,-114,-163,-163,-163,-163,-163,0,-66,-43,-43,-43,-43,-8,-8,-8,-8,-8,-202,-8,-8]} 1. e4 e5 2. Nf3 Nc6 3. Bc4 Nf6 4. d3 h6 5. c3 d6 6. Be3 {C55: Two Knights: 4 d3, 4 d4 exd4 5 e5 and Max Lange Attack.} g5 7. Qe2 Bg7 {[#]} 8. Nbd2 $146 ({Predecessor:} 8. Na3 O-O 9. h4 g4 10. Nh2 Ne7 11. f3 Qd7 12. Nxg4 Nxg4 13. fxg4 Qxg4 14. Qxg4 Bxg4 {½-½ (55) Ozsoy,A (2088)-Hart,A (1850) Veliko Gradiste 2019}) 8... g4 9. Ng1 d5 10. exd5 Nxd5 11. O-O-O O-O 12. h3 Nxe3 13. Qxe3 Kh7 $2 (13... Na5 $14) 14. hxg4 $18 Bxg4 15. f3 Bf5 16. g4 Bg6 17. Ne2 f5 (17... Na5 $142 18. Ne4 Bxe4) 18. gxf5 Rxf5 19. Ng3 Rf4 20. Ne2 $2 (20. Nde4 $18) 20... Rh4 (20... Rf5 $1 $11) 21. Ne4 (21. Rhg1 $142) 21... Qe7 (21... Bxe4 $142 22. dxe4 Qg5 23. Qxg5 hxg5) 22. Rhg1 Na5 23. Bb3 (23. Bb5 $1 $16) 23... Nxb3+ $11 24. axb3 Qf7 25. Rg3 Bxe4 26. fxe4 h5 {...Bh6 is the strong threat.} 27. Kc2 Bh6 28. Qg1 (28. Rf3 $5 {[%cal Rf3f7]} Bxe3 29. Rxf7+ Kg6 30. Rf3 $11) 28... Rf8 29. Qg2 Qf2 {Threatens to win with ...Rh2.} 30. Rg1 {Rg7+! would kill now.} Rf7 ({Inferior is} 30... Rh2 31. Rg7+ $1 {[%mdl 512]} Kh8 32. Rg8+ Rxg8 33. Qxg8#) 31. Rg8 {[%csl Gg1,Gg8][%cal Rg2g6]} Qxg2 32. R8xg2 (32. R1xg2 $2 Rh1 $17) 32... Be3 33. Re1 Rf2 34. Rxf2 Bxf2 $17 {[%mdl 4096] Endgame KRB-KRN} 35. Rf1 Rh2 36. Kd2 (36. d4 $1 $15) 36... h4 37. b4 Kg6 38. b5 (38. d4 $17) 38... h3 $19 39. d4 exd4 40. cxd4 (40. e5 $142) 40... Bxd4 41. Kd3 Bxb2 {aiming for ...Be5.} 42. Nf4+ Kh6 (42... Kg5 $19 43. Ke3 Ba3 44. Rg1+ Kf6 45. Nd5+ Ke5 46. Rg5+ Kd6) 43. Rf3 $15 Kg5 44. Rxh3 Rxh3+ 45. Nxh3+ $17 {[#] KB-KN} Kf6 $1 46. Nf4 (46. Kc4 $17 {might work better.}) 46... Be5 47. Nd5+ Ke6 48. Kc4 Bd6 49. Kd4 Bg3 50. Kd3 Bh2 51. Kc4 Bd6 (51... Kd6 $19 52. Nb4 Bg1) 52. Kd4 $1 $15 c6 53. bxc6 bxc6 54. Ne3 a5 55. Nc4 a4 56. Na5 Kd7 {And now ...Bb4 would win.} 57. Kc4 (57. Kc3 $11) 57... Bc7 $2 ({Better is} 57... Kc7 $19 {Strongly threatening ...Kb6.} 58. e5 Bf8) 58. Nxc6 {Never resign too early!  Weighted Error Value: White=0.30/Black=0.32} 1/2-1/2

[Event "Match UKR vs KGZ 2021"]
[Site "Online"]
[Date "2021.02.14"]
[Round "1.5"]
[White "Sidletskyi, Ivan"]
[Black "Zhakshylykov, Erzhan"]
[Result "1-0"]
[WhiteElo "2109"]
[BlackElo "1940"]
[Annotator "TA"]
[PlyCount "145"]
[EventDate "2021.02.14"]
[EventType "team-tourn"]
[EventCountry "NET"]
[SourceTitle "playchess.com"]
[Source "ChessBase"]
[SourceQuality "1"]
[WhiteTeam "Ukraine"]
[BlackTeam "Kyrgyzstan"]
[WhiteTeamCountry "UKR"]
[BlackTeamCountry "KGZ"]

{[%evp 20,145,38,37,81,36,31,-45,-54,-41,-40,-100,-57,-64,-52,-52,-60,-58,-23,-29,42,20,35,10,10,26,10,10,10,0,49,0,0,-39,30,0,23,0,0,0,0,0,0,-2,0,0,0,3,19,16,16,14,18,0,0,0,115,84,150,150,289,267,263,270,263,246,29997,360,345,329,521,522,493,509,585,565,547,578,580,396,378,358,327,284,385,377,378,292,288,252,269,220,214,212,418,418,418,418,439,418,418,418,418,383,543,542,541,541,527,513,525,485,29942,487,29954,2704,3576,3308,29951,29944,29940,29945,5616,2158,29980,10630,29987,29990]} 1. e4 e5 2. Nf3 Nc6 3. d4 exd4 4. Nxd4 Bc5 5. Be3 Qf6 6. c3 Nge7 7. Bc4 Ne5 8. Be2 Qg6 9. O-O O-O 10. Nd2 d5 11. Bh5 Qa6 {C45: Scotch Game.} 12. f4 N5c6 {[#]} 13. Be2 $146 ({Better is} 13. Re1 $14) ({Predecessor:} 13. exd5 Nxd5 14. Bf2 Bxd4 15. cxd4 Nxf4 16. Bf3 Nd3 17. Bg3 Nxd4 18. Bxc7 Be6 19. Be4 {0-1 (28) Fuchs,G (2234)-Freitag,M (2356) Playchess.com INT 2020}) 13... Qb6 $1 $15 {[%csl LRb2,LRd4][%cal Rc6d4] Black is slightly better.} 14. N2b3 dxe4 15. Bc4 (15. Nxc5 $15 Qxc5 16. f5) 15... Nf5 16. Nxf5 Bxe3+ 17. Nxe3 Qxe3+ 18. Kh1 Bf5 19. Qh5 Bg6 (19... g6 $1 $11 20. Qg5 h5) 20. Qh4 {Hoping for Rae1.} (20. Qg4 $5 {[%cal Ra1e1]} Rae8 21. Rae1 $11) 20... Bf5 $1 21. Rae1 Qb6 22. Qg5 Be6 {[%cal Re6c4]} 23. Bxe6 ({Much worse is} 23. Rxe4 Bxc4 24. Rxc4 Qa6 $17) 23... fxe6 24. Rxe4 Rf6 (24... e5 {is interesting.} 25. f5 Rf7 26. g4 Raf8 27. Rg1 a5) 25. Rfe1 Raf8 26. h3 Qf2 (26... e5 $15) 27. Rxe6 (27. R1e2 $5 {[%cal Re2f2]} Qf1+ 28. Kh2 $11) 27... Rf5 (27... Rxe6 {is interesting.} 28. Rxe6 Qxf4 29. Qxf4 Rxf4 30. Nc5 Rf1+) 28. Qg4 (28. R6e2 {seems wilder.} Qxf4 29. Qxf4 Rxf4 30. Nc5 b6 31. Ne6) 28... Rxf4 29. Qe2 h6 30. Qxf2 (30. Kh2 {with more complications.} R8f5 31. Nd2 Rg5 32. Rg1 Qxe2 33. Rxe2 Re5 34. Rge1) 30... Rxf2 31. R6e2 R2f5 32. Kh2 a5 33. Nd2 a4 34. Nf3 Rc5 35. a3 Rb5 36. Rd1 Rf7 37. Rdd2 Na5 (37... Re7 $11 {keeps the balance.}) 38. Re4 {Black is on the road to losing.} Rf6 (38... Nb3 $142 39. Rd8+ Rf8 40. Rxf8+ Kxf8) 39. Rxa4 $16 Rfb6 (39... Nc6 $16 40. Re4 Rd6) 40. b4 Nc4 41. Rd8+ Kh7 42. Raa8 {White threatens Nh4 and mate.} Rf6 $2 (42... Rd6 $18 43. Re8 Rh5) 43. a4 $2 (43. Nh4 {mates} Rf8 44. Rxf8 h5 45. Rh8#) 43... Rh5 $18 44. Rac8 Ne3 (44... c6 {might work better.} 45. Rc7 Rg6) 45. Rh8+ Kg6 46. Rxc7 Rd5 47. Re8 Nf1+ 48. Kg1 Rd1 49. Re1 Rxe1 50. Nxe1 {[%mdl 4096] Endgame KRN-KRN} Nd2 {intending ...Rf1+.} 51. Nd3 ({And not} 51. Rxb7 Rf1+ 52. Kh2 Rxe1 $11) 51... Rf1+ 52. Kh2 Ra1 53. h4 Rxa4 54. Rxb7 Ra3 55. Rb6+ Kf5 56. Rc6 Ne4 $2 (56... Ke4 {keeps fighting.}) 57. b5 Rb3 58. b6 {And now Nb4 would win.} Nxc3 59. Nc1 Rb1 60. Rxc3 Rxb6 {KRN-KR} 61. Rc4 g5 (61... Ra6 {was worth a try.} 62. Ne2 Kg6) 62. Ne2 gxh4 63. Rxh4 Kg5 64. Rc4 Rb5 65. Ng3 Re5 {[#]} (65... Kg6 $18 66. Kh3 Ra5 67. Rc6+ Kg7) 66. Kh3 (66. Rc5 $142 $3 {[%mdl 512]} Rxc5 67. Ne4+ {[%mdl 64] Double Attack} Kg4 68. Nxc5 Kh4 69. g3+ Kh5 70. Kh3 Kg5 71. g4) 66... h5 {[#]} (66... Re6 $18 67. Rc5+ Kg6) 67. Ne4+ (67. Rc5 $142 $3 {[%mdl 512]} Rxc5 68. Ne4+ {[%mdl 64] Double Attack} Kf5 69. Nxc5 Kg5 70. Kg3 Kh6 71. Kh4 Kg6 72. Ne6) 67... Kf5 {[#]} 68. Kh4 $1 Kg6 (68... Ke6 69. Ng5+) 69. Ng3 Re6 70. Nxh5 Re1 71. Rc6+ Kf5 72. g4+ (72. Ng7+ $142 Kf4 73. Rf6+ Ke3 74. Re6+ Kf2 75. Rxe1 Kxe1 76. g4 Ke2 77. g5) 72... Ke4 73. Re6+ {Weighted Error Value: White=0.31/Black=0.47} 1-0

[Event "Match UKR vs KGZ 2021"]
[Site "Online"]
[Date "2021.02.14"]
[Round "1.6"]
[White "Sharshenbekov, Emir"]
[Black "Tulchynskyi, Feliks"]
[Result "1/2-1/2"]
[WhiteElo "1238"]
[BlackElo "1851"]
[Annotator "NA RC"]
[PlyCount "132"]
[EventDate "2021.02.14"]
[EventType "team-tourn"]
[EventCountry "NET"]
[SourceTitle "playchess.com"]
[Source "ChessBase"]
[SourceQuality "1"]
[WhiteTeam "Kyrgyzstan"]
[BlackTeam "Ukraine"]
[WhiteTeamCountry "KGZ"]
[BlackTeamCountry "UKR"]
[TimeControl "900+10"]

{[%evp 12,120,21,23,26,14,26,22,24,4,0,0,0,0,32767,-21,-8,0,-2,-21,-27,-25,0,-13,-7,-22,-16,0,0,0,0,0,16,11,32767,32767,32767,32767,32767,32767,32767,32767,32767,32767,32767,32767,-18,-6,-12,-4,-6,-30,-37,-30,-26,-56,-64,-139,-29,-39,32767,32767,32767,32767,32767,32767,32767,32767,32767,32767,32767,32767,32767,32767,32767,32767,32767,32767,32767,-191,-259,-221,32767,32767,32767,32767,32767,32767,32767,32767,32767,32767,32767,32767,32767,32767,32767,32767,32767,32767,-16,-29,-8,-8,-8,-8,-8,-12,-8,-8,0]} 1. e4 {[%emt 0:00:00]} c5 {[%emt 0:00:13]} 2. c3 {[%emt 0:00:07]} d5 {[%emt 0:00:17]} 3. exd5 {[%emt 0:00:10]} Qxd5 {[%emt 0:00:05]} 4. d4 {[%emt 0:00:26]} Nf6 {[%emt 0:00:30]} 5. Nf3 {[%emt 0:00:24]} cxd4 {[%emt 0:00:26]} 6. cxd4 {[%emt 0:00:08]} e6 {[%emt 0:00:26]} 7. Nc3 {[%emt 0:00:18]} Qd8 {[%emt 0:00:07]} 8. Bd3 {[%emt 0:00:30] 8.Bd3 is better than 8.Bc4.} Nc6 {[%emt 0:00:19]} 9. O-O {[%emt 0:00:19]} Be7 {[%emt 0:00:13]} 10. h3 {[%emt 0:00:18]} O-O {[%emt 0:00:08]} 11. Be3 {[%emt 0:00:03]} b6 {[%emt 0:00:17]} 12. Rc1 {[%emt 0:01:22]} Bb7 {[%emt 0:00:22]} 13. Bb1 {[%emt 0:01:00]} Nb4 {[%emt 0:01:01] [#]} 14. Ne5 $146 {[%emt 0:01:02]} ({Predecessor:} 14. a3 Nbd5 15. Nxd5 Qxd5 16. Qe2 Qh5 17. Rc7 Bxf3 18. Qxf3 Qxf3 19. gxf3 Nd5 20. Rb7 Rfb8 21. Rd7 Rd8 22. Rb7 Rdb8 23. Rd7 Rd8 {½-½ (23) Sahin,O (2042)-Radovanovic,N (2392) Paracin 2016}) 14... Rc8 {[%emt 0:01:02]} 15. Qd2 {[%emt 0:00:49]} Nbd5 {[%emt 0:01:10]} 16. Bg5 {[%emt 0:01:28]} Nd7 {[%emt 0:01:11]} 17. Bxe7 {[%emt 0:00:30]} Qxe7 {[%emt 0:00:18]} 18. f4 {[%emt 0:00:10]} Rfd8 {[%emt 0:00:42]} 19. Nxd7 {[%emt 0:01:47]} Qxd7 {[%emt 0:00:36]} ({Wrong is} 19... Rxd7 $2 20. Nxd5 exd5 21. Rxc8+ Bxc8 22. Qc2 $16 {[%mdl 64] Double Attack}) 20. f5 {[%emt 0:00:21]} Nf6 {[%emt 0:03:27]} 21. fxe6 {[%emt 0:00:23]} Qxd4+ {[%emt 0:00:06]} 22. Qxd4 {[%emt 0:00:02]} Rxd4 {[%emt 0:00:02]} 23. exf7+ {[%emt 0:00:14]} Kf8 {[%emt 0:00:36]} 24. Rc2 {[%emt 0:02:15]} Rcd8 {[%emt 0:01:05]} 25. Ne2 {[%emt 0:00:54]} Rd2 {[%emt 0:00:30]} 26. Nf4 {[%emt 0:00:25]} Kxf7 {[%emt 0:00:33]} 27. a3 {[%emt 0:01:01]} Rxc2 {[%emt 0:00:45]} 28. Bxc2 {[%emt 0:00:02]} Rd2 {[%emt 0:01:38]} 29. Rf2 {[%emt 0:00:07]} Rxf2 {[%emt 0:00:29]} 30. Kxf2 {[%emt 0:00:02]} Ke7 {[%emt 0:00:09]} 31. g4 {[%emt 0:00:42]} g5 {[%emt 0:00:20]} 32. Ne2 {[%emt 0:00:22]} Kd6 {[%emt 0:00:34]} 33. Kg3 {[%emt 0:01:26]} Ke5 {[%emt 0:00:19]} 34. h4 {[%emt 0:00:11] [#]} ({White should play} 34. Kf2 $15) 34... h6 {[%emt 0:00:20]} (34... Ne4+ $1 $17 35. Kh3 Ba6) 35. hxg5 $1 {[%emt 0:00:08]} hxg5 {[%emt 0:00:02]} 36. Ng1 {[%emt 0:00:07]} Kd4 {[%emt 0:00:16]} 37. Nh3 {[%emt 0:00:09]} Bc8 {[%emt 0:00:20]} 38. Bd1 {[%emt 0:00:52]} Ne4+ {[%emt 0:00:04]} 39. Kg2 {[%emt 0:00:02]} Ke3 {[%emt 0:00:05]} 40. Bf3 {[%emt 0:00:16]} Nd2 {[%emt 0:00:03]} 41. Bd1 {[%emt 0:00:31]} Bb7+ {[%emt 0:00:05]} 42. Kg1 {[%emt 0:00:02]} Nc4 {[%emt 0:00:29]} 43. b4 {[%emt 0:00:26]} Nxa3 {[%emt 0:00:03]} 44. Nxg5 {[%emt 0:00:02]} Nb5 {[%emt 0:00:06]} 45. Ne6 {[%emt 0:00:06]} (45. Nh3 $17) 45... Bd5 {[%emt 0:00:10]} 46. Nf8 {[%emt 0:00:16]} Nc3 {[%emt 0:00:04]} 47. Bc2 {[%emt 0:00:04]} Kf4 {[%emt 0:00:02]} 48. Bf5 {[%emt 0:00:10]} Na2 {[%emt 0:00:05]} 49. Ng6+ {[%emt 0:00:13]} Kg5 {[%emt 0:00:03]} 50. Ne7 {[%emt 0:00:02]} Nxb4 {[%emt 0:00:03]} 51. Nc8 {[%emt 0:00:02]} Nc6 {[%emt 0:00:05]} 52. Bd7 {[%emt 0:00:16]} Ne5 {[%emt 0:00:04]} 53. Bf5 {[%emt 0:00:07]} Nc6 {[%emt 0:00:29]} 54. Bd7 {[%emt 0:00:05]} Kf4 {[%emt 0:00:03]} 55. Kf2 {[%emt 0:00:36]} Ne5 {[%emt 0:00:05]} 56. Bf5 {[%emt 0:00:02]} b5 {[%emt 0:00:37]} 57. Nxa7 {[%emt 0:00:17]} b4 {[%emt 0:00:02]} 58. Nb5 {[%emt 0:00:08]} Nc6 {[%emt 0:00:18]} 59. Bd7 {[%emt 0:00:15]} Na5 {[%emt 0:00:22]} 60. Ke1 {[%emt 0:00:08]} Nc4 $11 {[%emt 0:00:09]} 61. Nd4 {[%emt 0:00:12]} Ne5 {[%emt 0:00:06]} 62. Bf5 {[%emt 0:00:03]} b3 {[%emt 0:00:15]} 63. Kd2 {[%emt 0:00:18]} Nxg4 {[%emt 0:00:10]} 64. Bxg4 {[%emt 0:00:03]} Kxg4 {[%emt 0:00:01]} 65. Kc3 {[%emt 0:00:01]} Kf4 {[%emt 0:00:01]} 66. Nxb3 {[%emt 0:00:02]} Bxb3 {[%emt 0:00:02]} 1/2-1/2